La historia de julia : la niña que tenía sombra de niño /

Guardado en:
Autor Principal: Bruel, Christian
Otros Autores: Bozellec, Anne, Galland, Annie, Badrán, Pedro, trad.
Formato: Libro
Publicado: Buenos Aires : Babel, 2008
Materias:
Etiquetas: Agregar Etiqueta
Sin Etiquetas, Sea el primero en etiquetar este registro!
LEADER 00857nam a22002655a 4500
001 CEM.cems018248
005 20140328100008.0
008 130507s2008##################000#0#####d
003 CEMS
020 |a 9789871801138 
082 0 4 |a 843.9 
100 1 |a Bruel, Christian 
245 1 0 |a La historia de julia :  |b la niña que tenía sombra de niño /  |c Christian Bruel, Anne Bozellec y Annie Galland ; traducción de Pedro Bradán 
260 |a Buenos Aires :  |b Babel,  |c 2008 
300 |a 52 p. 
653 |a Literatura 
653 |a Literatura francesa 
653 |a Narrativa 
653 |a Narrativa francesa 
653 |a Ministerio de educación-colección literaria 
653 |a Literatura juvenil 
700 1 |a Bozellec, Anne 
700 1 |a Galland, Annie 
700 1 |a Badrán, Pedro, trad. 
859 |a CEMS  |b BIB. CEMS - Agricultura  |h 843.9  |i B832  |p A1980.14  |t Ej.1